000 00995cam a22002654a 4500
001 739841
005 20180823090111.0
008 990105s2000 nyua b 001 0 eng
010 _a 99011338
020 _a0791443671 (hc : alk. paper)
020 _a079144368X (pbk. : alk. paper)
040 _aDLC
_cDLC
_dDLC
041 _aeng
042 _apcc
080 _a658.4063
082 0 0 _a658.4063
_221
100 1 _a54
101 _aMAN
245 1 0 _aLeading the learning organization :
_cAlan T. Belasen ; foreword by Michael V. Fortunato.
504 _aIncludes bibliographical references (p. 431-449) and index.
906 _a7
_bcbc
_corignew
_d1
_eocip
_f19
_gy-gencatlg
942 _2ddc
_cBK
999 _c47294
_d47294